|
|
|
|
| LEADER |
01334nam a2200289 a 4500 |
| 001 |
GR-Patra14940 |
| 008 |
020923s2001 gr g 000 0 gre d |
| 040 |
|
|
|a GrPaTEI
|b gre
|c GR-PaULI
|
| 040 |
|
|
|a GrPaTEI
|b gre
|c GR-PaULI
|
| 100 |
1 |
|
|a Καλογεροπούλου, Ζωή
|
| 245 |
1 |
0 |
|a Τήρηση βιβλίων Ε.Π.Ε. :
|b εφαρμογή σε μηχανογραφημένο σύστημα /
|c Πτυχιακή εργασία των: Καλογεροπούλου Ζωή, Καντούνη Μαύρα.
|
| 260 |
|
|
|a Πάτρα :
|b ΤΕΙ Πάτρας,
|c 2001
|
| 300 |
|
|
|a 107 σ., πιν.
|
| 504 |
|
|
|a Βιβλιογραφία: σ.107
|
| 650 |
|
4 |
|a ΕΠΙΧΕΙΡΗΣΗ
|
| 650 |
|
4 |
|a Λογιστική
|
| 650 |
|
4 |
|a ΜΗΧΑΝΟΡΓΑΝΩΣΗ
|
| 650 |
|
4 |
|a Πτυχιακή εργασία
|
| 650 |
|
4 |
|a ΦΟΡΟΛΟΓΙΚΗ ΛΟΓΙΣΤΙΚΗ
|
| 700 |
1 |
|
|a Καντούνη, Μαύρα
|
| 710 |
0 |
|
|a Σ.Δ.Ο..
|b Τμήμα Λογιστικής
|
| 710 |
0 |
|
|a Τ.Ε.Ι. Πάτρας
|
| 856 |
4 |
0 |
|u https://nereus.library.upatras.gr/formerpat/ptyxiakes/sdo/sdo_log/2001-2005/3352pe.pdf
|
| 942 |
|
|
|2 ddc
|
| 952 |
|
|
|0 0
|1 0
|2 ddc
|4 0
|7 1
|9 293815
|a LISK
|b LISK
|c BSC
|d 2021-01-17
|e 24
|f 0
|g 0.00
|l 0
|p 9241003352
|r 2021-01-17 00:00:00
|t 1
|w 2021-01-17
|y BKN
|x 20020930 0 0
|x GrPaTEI
|
| 971 |
|
|
|a .b26624552
|b 16-04-20
|c 23-09-16
|
| 999 |
|
|
|c 171740
|d 171740
|